01801cam a2200217 i 4500003000400000005001700004008004100021020001800062040000900080050001500089082002000104245010400124246001700228250001200245260005000257300004600307500002000353505117400373700001701547700001901564OSt20240828153723.0140611t20162016nyuab 001 0 eng  a9780073522593 cWIUC00aQR41.2.M48 2dc23a616.9'04110aNester's microbiology : a human perspective. /cDenise G. Anderson, Sarah N. Salm, Deborah P. Allen30aMicrobiology a8th ed. aNew York, NY :bMcGraw-Hill Education,c2016. axxi, 815 p. :bills.: color maps ;c29 cm aIncludes index. aContent: Part I. Life and death of microorganisms -- Humans and the microbial world -- The molecules of life -- Microscopy and cell structure -- Dynamics of microbial growth -- Control of microbial growth -- Metabolism : fueling cell growth -- The blueprint of life, from DNA to protein -- Bacterial genetics -- Biotechnology and recombinant DNA --Part. 2. The microbial world -- Identifying and classifying microorganisms -- The diversity of bacteria and archaea -- The eukaryotic members of the microbial world -- Viruses, Viroids, and prions -- Part. 3. Microorganisms and humans -- The innate immune response -- The adaptive immune response -- Host-microbe interactions -- Immunologic disorders -- Applications of immune responses -- Epidemiology -- Antimicrobial medications -- Part. 4. Infectious diseases -- Respiratory system infections -- Skin infections -- Wound infections -- Digestive system infections -- Blood and lymphatic infections -- Nervous system infections -- Genitourinary tract infections -- Part. 5. Applied microbiology -- Microbial ecology -- Environmental microbiology : treatment of water, wastes, and polluted habitats -- Food microbiology.1 aSalm, Sarah.1 aAllen, Deborah